Stati che confinano con l'Iran - Statistics

Statistiche generali
  • Questo quiz è stato fatto 16 volte
  • Il punteggio medio è 7 su 7
Statistiche sulle risposte
Superficie (km²) Popolazione (ab.) Lunghezza confine (km) Stato % Corretto
652 864 40 099 460 921 Afghanistan
100%
86 600 10 095 900 689 Azerbaigian
100%
438 317 40 222 503 1 458 Iraq
100%
783 562 85 037 969 534 Turchia
100%
29 743 2 967 900 44 Armenia
92%
491 210 5 662 544 1 148 Turkmenistan
92%
783 940 224 183 472 909 Pakistan
83%
Nessun quiz corrispondente trovato
Distribuzione punteggi
Percentuale di utenti per punteggio
Percentile per numero di risposta
I tuoi punteggi nel tempo
Non hai fatto questo quiz